[Event "Lausanne WGP 2020"]
[Site "Lausanne SUI"]
[Date "2020.03.02"]
[Round "1"]
[White "Goryachkina,A"]
[Black "Kashlinskaya,A"]
[Result "1/2-1/2"]
[WhiteElo "2579"]
[BlackElo "2485"]
[EventDate "2020.03.01"]

1. d4 Nf6 2. c4 g6 3. Nc3 Bg7 4. e4 d6 5. f3 O-O 6. Be3 a6 7. Bd3 Nbd7 8.
Nge2 c6 9. O-O b5 10. b3 bxc4 11. bxc4 c5 12. Rb1 cxd4 13. Bxd4 e6 14. Na4
Qc7 15. Qc2 Ne5 16. c5 Nfd7 17. Nb6 Rb8 18. Nxc8 Rfxc8 19. Bxa6 Rxb1 20.
Rxb1 Ra8 21. Bb7 Rb8 22. c6 Nxc6 23. Bxg7 Kxg7 24. Bxc6 Rxb1+ 25. Qxb1 Qxc6
26. Qb2+ e5 27. Ng3 Nc5 28. h3 Nd3 29. Qd2 Nf4 30. Kh2 Qa6 31. a4 Qxa4 32.
Qxd6 Qa1 33. Qd2 h5 34. Ne2 Nxe2 35. Qxe2 1/2-1/2

[Event "Lausanne WGP 2020"]
[Site "Lausanne SUI"]
[Date "2020.03.02"]
[Round "1"]
[White "Abdumalik,Z"]
[Black "Ju Wenjun"]
[Result "1/2-1/2"]
[WhiteElo "2461"]
[BlackElo "2583"]
[EventDate "2020.03.01"]

1. e4 e5 2. Nf3 Nc6 3. Bb5 Nf6 4. O-O Nxe4 5. Re1 Nd6 6. Nxe5 Be7 7. Bf1
Nxe5 8. Rxe5 O-O 9. d4 Ne8 10. d5 Bc5 11. Qf3 Qf6 12. Rf5 Qe7 13. Nc3 d6
14. Rf4 f5 15. b4 Bb6 16. Na4 Nf6 17. Nxb6 axb6 18. Bb2 Bd7 19. Qd3 Ng4 20.
a3 Ne5 21. Qc3 Rac8 22. Re1 Rfe8 23. Qg3 Qf7 24. Rd1 Ng6 25. Rfd4 f4 26.
Qc3 Re7 27. Re1 Rxe1 28. Qxe1 Bf5 29. Qc3 Re8 30. Rd1 Re7 31. f3 Ne5 32.
Qd2 Qg6 33. Bxe5 1/2-1/2

[Event "Lausanne WGP 2020"]
[Site "Lausanne SUI"]
[Date "2020.03.02"]
[Round "1"]
[White "Stefanova,A"]
[Black "Sebag,M"]
[Result "1/2-1/2"]
[WhiteElo "2453"]
[BlackElo "2443"]
[EventDate "2020.03.01"]

1. d4 d5 2. c4 c6 3. Nf3 Nf6 4. e3 Bf5 5. Nc3 e6 6. Nh4 Be4 7. f3 Bg6 8.
Qb3 Qc7 9. Bd2 Be7 10. O-O-O dxc4 11. Bxc4 b5 12. Be2 a6 13. Nxg6 hxg6 14.
Ne4 Nxe4 15. fxe4 c5 16. Kb1 Nc6 17. d5 exd5 18. exd5 Ne5 19. h4 Bd6 20. g4
Qd7 21. h5 g5 22. Qc2 Kf8 23. Rdf1 Re8 24. e4 Qe7 25. Rf5 f6 26. Bxg5 Nf7
27. Bd2 Qxe4 28. Qxe4 Rxe4 29. Bd1 Ke7 30. g5 Nxg5 31. Bxg5 fxg5 32. Rxg5
Be5 33. Rg6 Rh6 34. Rxh6 1/2-1/2

[Event "Lausanne WGP 2020"]
[Site "Lausanne SUI"]
[Date "2020.03.02"]
[Round "1"]
[White "Harika,D"]
[Black "Cramling,P"]
[Result "1/2-1/2"]
[WhiteElo "2517"]
[BlackElo "2475"]
[EventDate "2020.03.01"]

1. d4 Nf6 2. c4 e6 3. Nf3 d5 4. Bg5 h6 5. Bxf6 Qxf6 6. Nc3 c6 7. g3 Nd7 8.
Bg2 Qd8 9. O-O Be7 10. e4 dxe4 11. Nxe4 O-O 12. Re1 Qc7 13. Rc1 Rd8 14. Qe2
Nf6 15. a3 Bd7 16. b4 Be8 17. Nc5 Bf8 18. Ne4 Be7 19. Red1 a5 20. Nxf6+
Bxf6 21. c5 axb4 22. axb4 Ra4 23. Rb1 b6 24. Qc2 Rda8 25. h4 Qb8 26. Bf1
bxc5 27. bxc5 Rb4 28. Rxb4 Qxb4 29. Rb1 Qa3 30. Bg2 h5 31. Kh2 g6 32. Ne5
Rd8 33. Nf3 Kg7 34. Qc4 Ra8 35. Qc2 Rd8 36. Qc4 Ra8 37. Qc2 1/2-1/2

[Event "Lausanne WGP 2020"]
[Site "Lausanne SUI"]
[Date "2020.03.02"]
[Round "1"]
[White "Muzychuk,A"]
[Black "Muzychuk,M"]
[Result "1/2-1/2"]
[WhiteElo "2535"]
[BlackElo "2551"]
[EventDate "2020.03.01"]

1. e4 e5 2. Nf3 Nc6 3. Bb5 Nf6 4. O-O Nxe4 5. d4 Nd6 6. Bxc6 dxc6 7. dxe5
Nf5 8. Qxd8+ Kxd8 9. Rd1+ Ke8 10. Nc3 Be7 11. h3 Nh4 12. Nd4 Nf5 13. Nde2
Nh4 14. Nd4 Nf5 15. Nde2 Nh4 16. Nd4 Nf5 1/2-1/2

[Event "Lausanne WGP 2020"]
[Site "Lausanne SUI"]
[Date "2020.03.03"]
[Round "2"]
[White "Kashlinskaya,A"]
[Black "Muzychuk,M"]
[Result "1/2-1/2"]
[WhiteElo "2485"]
[BlackElo "2551"]
[EventDate "2020.03.01"]

1. d4 d5 2. c4 c6 3. Nf3 Nf6 4. Nc3 e6 5. Bg5 h6 6. Bxf6 Qxf6 7. Qb3 Qe7 8.
e4 dxe4 9. Nxe4 Qb4+ 10. Qc3 Nd7 11. O-O-O Qxc3+ 12. Nxc3 Bb4 13. Kc2 b6
14. Be2 Bb7 15. Ne5 Nxe5 16. dxe5 Bxc3 17. Kxc3 c5 18. Rhg1 Ke7 19. g3 Rad8
20. Rxd8 Rxd8 21. Rd1 Rxd1 22. Bxd1 f6 23. f4 fxe5 24. fxe5 Be4 25. a3 Kf7
26. Bh5+ Bg6 27. Bf3 Bb1 28. Bh5+ Bg6 29. Bf3 Bb1 30. Bh5+ Bg6 1/2-1/2

[Event "Lausanne WGP 2020"]
[Site "Lausanne SUI"]
[Date "2020.03.03"]
[Round "2"]
[White "Cramling,P"]
[Black "Muzychuk,A"]
[Result "1/2-1/2"]
[WhiteElo "2475"]
[BlackElo "2535"]
[EventDate "2020.03.01"]

1. d4 Nf6 2. Nf3 g6 3. c4 Bg7 4. Nc3 d5 5. Bg5 Ne4 6. h4 Nxg5 7. hxg5 dxc4
8. Qa4+ c6 9. Qxc4 Be6 10. Qa4 Nd7 11. e3 Nb6 12. Qc2 Nd5 13. e4 Nxc3 14.
bxc3 Qa5 15. Be2 c5 16. O-O cxd4 17. cxd4 O-O 18. Qb2 b6 19. a4 Rac8 20.
Rfd1 Rfd8 21. Bb5 Bg4 22. e5 Qc3 23. Qxc3 Rxc3 24. Be2 Rb3 25. a5 Rb4 26.
axb6 axb6 27. Ra7 e6 28. Rb7 Bxf3 29. Bxf3 Rbxd4 30. Rxd4 Rxd4 31. Rb8+ Bf8
32. Rxb6 Bc5 33. Rc6 Be7 34. g3 Bxg5 35. Rc2 h5 36. Kg2 h4 37. gxh4 Bxh4
38. Re2 Bg5 39. Bb7 Rb4 40. Bc6 Rc4 41. Bb7 Bf4 42. Re4 Rxe4 43. Bxe4 Bxe5
44. Bc6 Kg7 45. Ba4 Bc7 46. Bb5 Kf6 47. Be8 Ke7 48. Ba4 g5 49. f3 Bb6 50.
Bb5 Kd6 51. Be8 f5 52. Ba4 Ke5 53. Bb3 Be3 54. Bc4 Kf6 55. Bb3 Bf4 56. Kh3
Bd6 57. Bc2 Bb4 58. Kg2 Be1 59. Kh3 Bc3 60. Bb1 e5 61. Bc2 Be1 62. Bd3 e4
63. fxe4 g4+ 64. Kg2 f4 65. Be2 Kg5 66. Bd1 Bc3 67. Be2 Bd4 68. Bd1 Kh4
1/2-1/2

[Event "Lausanne WGP 2020"]
[Site "Lausanne SUI"]
[Date "2020.03.03"]
[Round "2"]
[White "Sebag,M"]
[Black "Harika,D"]
[Result "1/2-1/2"]
[WhiteElo "2443"]
[BlackElo "2517"]
[EventDate "2020.03.01"]

1. e4 c5 2. Nf3 d6 3. Bb5+ Nd7 4. O-O a6 5. Bd3 Ngf6 6. c3 b5 7. a4 c4 8.
Be2 Bb7 9. axb5 axb5 10. Rxa8 Qxa8 11. Na3 Bxe4 12. Nxb5 Qa5 13. Bxc4 d5
14. Be2 Bxf3 15. gxf3 e6 16. d4 Be7 17. Bf4 O-O 18. Qa1 Ra8 19. Qxa5 Rxa5
20. Rb1 Ra2 21. Kf1 Nh5 22. Be3 g5 23. c4 dxc4 24. Bxc4 Ra5 25. b4 Ra4 26.
d5 exd5 27. Bxd5 Nf4 28. Bxf4 gxf4 29. Nc3 Rxb4 30. Rxb4 Bxb4 1/2-1/2

[Event "Lausanne WGP 2020"]
[Site "Lausanne SUI"]
[Date "2020.03.03"]
[Round "2"]
[White "Ju Wenjun"]
[Black "Stefanova,A"]
[Result "1/2-1/2"]
[WhiteElo "2583"]
[BlackElo "2453"]
[EventDate "2020.03.01"]

1. d4 Nf6 2. c4 g6 3. Nc3 d5 4. cxd5 Nxd5 5. e4 Nxc3 6. bxc3 Bg7 7. Nf3 c5
8. Be3 Qa5 9. Qd2 O-O 10. Rc1 cxd4 11. cxd4 Qxd2+ 12. Bxd2 Bg4 13. Rc7 Bxf3
14. gxf3 Nc6 15. d5 Nd4 16. Be2 e6 17. dxe6 fxe6 18. Rxb7 Rab8 19. Rxb8
Rxb8 20. Bd1 Rb1 21. f4 Nf3+ 22. Ke2 Nxd2 23. Kxd2 Ra1 24. Ke3 Kf7 25. f5
gxf5 26. exf5 exf5 27. Bb3+ Kg6 28. Rxa1 Bxa1 29. f4 Kf6 30. Kf3 Bc3
1/2-1/2

[Event "Lausanne WGP 2020"]
[Site "Lausanne SUI"]
[Date "2020.03.03"]
[Round "2"]
[White "Dzagnidze,N"]
[Black "Abdumalik,Z"]
[Result "1-0"]
[WhiteElo "2509"]
[BlackElo "2461"]
[EventDate "2020.03.01"]

1. d4 Nf6 2. Nf3 g6 3. Bf4 Bg7 4. e3 c5 5. c3 Qb6 6. Qb3 O-O 7. Nbd2 d5 8.
Be2 Qa5 9. a4 Nc6 10. h3 h6 11. O-O cxd4 12. exd4 g5 13. Bh2 a6 14. Bd3 Nh5
15. Rae1 Nf4 16. Bb1 Re8 17. h4 f6 18. hxg5 fxg5 19. Qc2 Qb6 20. Bxf4 gxf4
21. Nh4 Qc7 22. Qh7+ Kf8 23. Ndf3 e6 24. Bg6 Bd7 25. Bh5 Ne7 26. Ne5 Red8
27. Nhg6+ Nxg6 28. Nxg6+ Kf7 29. Nxf4+ Kf8 30. Ng6+ Kf7 31. Re3 1-0

[Event "Lausanne WGP 2020"]
[Site "Lausanne SUI"]
[Date "2020.03.04"]
[Round "3"]
[White "Stefanova,A"]
[Black "Dzagnidze,N"]
[Result "1/2-1/2"]
[WhiteElo "2453"]
[BlackElo "2509"]
[EventDate "2020.03.01"]

1. d4 Nf6 2. c4 g6 3. Nc3 Bg7 4. e4 d6 5. Bd3 O-O 6. Nge2 c5 7. d5 e6 8.
Ng3 exd5 9. cxd5 a6 10. a4 Nbd7 11. O-O Rb8 12. h3 Qc7 13. Bc4 Ne5 14. Be2
c4 15. Be3 h5 16. Ba7 b5 17. Bxb8 Qxb8 18. axb5 axb5 19. Qd4 h4 20. Nh1 Bd7
21. f4 Nd3 22. Qe3 b4 23. Nd1 Re8 24. Bxd3 cxd3 25. Nhf2 Bb5 26. Re1 Nxd5
27. Qd2 Ne7 28. Qxb4 Nc6 29. Qd2 Nd4 30. Ra3 Ne2+ 31. Kh1 Bh6 32. Nxd3 Ng3+
33. Kg1 Nxe4 34. Qb4 d5 35. Rb3 Qa7+ 36. N3f2 Bc4 37. Rxe4 dxe4 38. Qxc4 e3
39. Nxe3 Rxe3 40. Rxe3 Qxe3 41. f5 gxf5 42. Qxh4 Qc1+ 43. Kh2 Bf4+ 44. g3
Be3 45. Qd8+ Kg7 46. Nd1 Qc2+ 47. Kh1 Qe4+ 48. Kh2 Qc2+ 49. Kh1 Qe4+
1/2-1/2

[Event "Lausanne WGP 2020"]
[Site "Lausanne SUI"]
[Date "2020.03.04"]
[Round "3"]
[White "Muzychuk,A"]
[Black "Sebag,M"]
[Result "1-0"]
[WhiteElo "2535"]
[BlackElo "2443"]
[EventDate "2020.03.01"]

1. e4 c5 2. Nc3 Nc6 3. Nf3 e5 4. Bc4 Be7 5. d3 Nf6 6. Ng5 O-O 7. h4 h6 8.
Nd5 Nxd5 9. exd5 b5 10. Bb3 Nd4 11. d6 Bxd6 12. Bd5 Rb8 13. Qh5 Qf6 14. c3
Bb7 15. Ne4 Qe7 16. Bg5 Nc2+ 17. Kd2 Bxd5 18. Bxe7 Bxe7 19. Kxc2 f5 20. Ng3
Be6 21. Qe2 f4 22. Nf1 Bf6 23. Nd2 d5 24. g4 c4 25. d4 e4 26. Nxe4 dxe4 27.
Qxe4 Bxg4 28. Rag1 Bh5 29. Qf5 Be8 30. Rg4 b4 31. Rhg1 bxc3 32. bxc3 Ba4+
33. Kc1 Kh8 34. Qa5 Bc6 35. Rxf4 Rb5 36. Rxf6 Rxf6 37. Qd8+ Kh7 38. Qe7 1-0

[Event "Lausanne WGP 2020"]
[Site "Lausanne SUI"]
[Date "2020.03.04"]
[Round "3"]
[White "Muzychuk,M"]
[Black "Cramling,P"]
[Result "1/2-1/2"]
[WhiteElo "2551"]
[BlackElo "2475"]
[EventDate "2020.03.01"]

1. e4 c5 2. Nf3 d6 3. d4 cxd4 4. Nxd4 Nf6 5. Nc3 a6 6. h3 e6 7. g4 d5 8.
Nde2 Bc5 9. Bg2 Qb6 10. O-O Nxe4 11. Bxe4 dxe4 12. Na4 Qc6 13. Nxc5 Qxc5
14. Be3 Qc7 15. Qd4 O-O 16. Qxe4 Bd7 17. Bf4 Qb6 18. Qd4 Qxd4 19. Nxd4 Nc6
20. Nb3 e5 21. Be3 Be6 22. Nc5 Bd5 23. Nd7 Rfe8 24. Nb6 Rad8 25. Nxd5 Rxd5
26. Rad1 Red8 27. Rxd5 Rxd5 28. c3 f6 29. f3 Na5 30. Kf2 Nc4 31. b3 Nxe3
32. Kxe3 Kf7 33. c4 Rd7 34. Rf2 Ke6 35. Rd2 Rxd2 36. Kxd2 g6 37. b4 f5 38.
Ke3 Kd6 39. a3 Kc6 40. h4 h5 41. gxh5 gxh5 42. Kd3 b6 43. Kc3 Kd6 44. Kd3
Kc6 45. Kc3 1/2-1/2

[Event "Lausanne WGP 2020"]
[Site "Lausanne SUI"]
[Date "2020.03.05"]
[Round "4"]
[White "Kashlinskaya,A"]
[Black "Cramling,P"]
[Result "1/2-1/2"]
[WhiteElo "2485"]
[BlackElo "2475"]
[EventDate "2020.03.01"]

1. d4 Nf6 2. c4 e6 3. Nf3 Bb4+ 4. Nbd2 c5 5. a3 Bxd2+ 6. Qxd2 cxd4 7. Nxd4
d5 8. e3 O-O 9. b3 b6 10. Bb2 Bb7 11. f3 e5 12. Nf5 Bc8 13. Nxg7 Kxg7 14.
Bxe5 Re8 15. Bb2 dxc4 16. Qf2 Kf8 17. Bxc4 Ba6 18. Rd1 Qe7 19. Bxa6 Nxa6
20. O-O Rad8 21. e4 Rxd1 22. Rxd1 Rd8 23. Rc1 Ne8 24. b4 Nac7 25. h3 Rd3
26. Qg3 Ne6 27. Rc8 Rd8 28. Qe5 f6 29. Qb8 Rxc8 30. Qxc8 Kf7 31. Qc4 Qd6
32. Qb5 Nf4 33. Qc4+ Kf8 34. Bc1 Qd3 35. Qc6 Ne2+ 36. Kf2 Nxc1 37. Qxc1
Qd4+ 38. Kg3 Nd6 39. Kh2 Nc4 40. Qh6+ Kg8 41. Qh4 Ne5 42. Qg3+ Kh8 43. h4
h5 44. Qf4 Kg7 45. Qf5 Qf2 46. Qxh5 Ng6 47. Qd5 Qxh4+ 48. Kg1 Qg3 49. Qd7+
Kh6 50. Qc8 Qe1+ 51. Kh2 Qd2 52. Kh1 Qd1+ 53. Kh2 Qd6+ 54. Kh1 Qd4 55. Qc1+
Kh7 56. Qc7+ Kh6 57. Qh2+ Kg7 58. Qc7+ Kh6 1/2-1/2

[Event "Lausanne WGP 2020"]
[Site "Lausanne SUI"]
[Date "2020.03.05"]
[Round "4"]
[White "Sebag,M"]
[Black "Muzychuk,M"]
[Result "1/2-1/2"]
[WhiteElo "2443"]
[BlackElo "2551"]
[EventDate "2020.03.01"]

1. e4 c5 2. Nf3 d6 3. Bb5+ Nd7 4. O-O a6 5. Bd3 Ngf6 6. c3 b5 7. a4 Bb7 8.
Re1 e6 9. Bc2 c4 10. d4 cxd3 11. Qxd3 Nc5 12. Qe2 bxa4 13. Be3 Bxe4 14.
Bxc5 Bxc2 15. Qxc2 dxc5 16. Qxa4+ Qd7 17. Nbd2 Be7 18. Ne5 Qxa4 19. Rxa4
Nd7 20. Nc6 Nb6 21. Ra2 Bd6 22. Rea1 Kd7 23. Na5 Rhc8 24. Nac4 Nxc4 25.
Nxc4 Rc6 26. Na5 Rb6 27. Nc4 Rc6 28. Na5 Rb6 29. Nc4 Rc6 30. Na5 Rb6
1/2-1/2

[Event "Lausanne WGP 2020"]
[Site "Lausanne SUI"]
[Date "2020.03.05"]
[Round "4"]
[White "Ju Wenjun"]
[Black "Muzychuk,A"]
[Result "1/2-1/2"]
[WhiteElo "2583"]
[BlackElo "2535"]
[EventDate "2020.03.01"]

1. d4 Nf6 2. c4 g6 3. Nc3 d5 4. cxd5 Nxd5 5. Bd2 Bg7 6. e4 Nxc3 7. Bxc3 O-O
8. Qd2 Nd7 9. Nf3 Nb6 10. b3 f5 11. Bd3 fxe4 12. Bxe4 Nd5 13. O-O Bf5 14.
Rfe1 Bxe4 15. Rxe4 Rxf3 16. gxf3 Qd7 17. Rg4 Rf8 18. Rg3 Rf4 19. Bb2 Qf5
20. Re1 Rxf3 21. Rxf3 Qxf3 22. Qe2 Qh3 23. Qe6+ Qxe6 24. Rxe6 Kf7 25. Re2
c6 26. Kf1 Bh6 27. Re1 Bd2 28. Rd1 Bf4 29. Kg2 Bd6 30. Kf3 h5 31. h3 a6 32.
Bc1 Nc3 33. Rd2 Ke6 34. Rc2 Nd5 35. Bd2 Kf5 36. Rc1 e6 37. Re1 g5 38. Rg1
Be7 39. Ke2 Bf6 40. Kd3 Be7 41. Rg3 Bf6 42. a4 Be7 43. a5 Bf6 44. Rf3+ Kg6
45. Rg3 Kf5 46. Rf3+ Kg6 47. Ke4 Ne7 48. Rg3 Nf5 49. Rg2 Nd6+ 50. Kd3 Kf5
51. Rg3 Nb5 52. Be3 Nd6 53. Rg1 Nb5 54. Rg3 Nd6 55. Rg1 Nb5 56. Rg3 1/2-1/2

[Event "Lausanne WGP 2020"]
[Site "Lausanne SUI"]
[Date "2020.03.05"]
[Round "4"]
[White "Dzagnidze,N"]
[Black "Harika,D"]
[Result "0-1"]
[WhiteElo "2509"]
[BlackElo "2517"]
[EventDate "2020.03.01"]

1. d4 Nf6 2. Nf3 g6 3. Nc3 d5 4. Bf4 Bg7 5. e3 O-O 6. Nb5 Na6 7. h3 Ne4 8.
Bd3 c6 9. Nc3 Nxc3 10. bxc3 c5 11. O-O Bd7 12. c4 cxd4 13. exd4 Nb4 14.
cxd5 Ba4 15. Qd2 Nxd3 16. Qxd3 Qxd5 17. c4 Qf5 18. Qe3 Rac8 19. Rac1 Bc2
20. Bh6 Rxc4 21. Bxg7 Kxg7 22. Qxe7 Rfc8 23. Rfe1 R4c7 24. Qd6 Rc6 25. Qa3
Be4 26. Ne5 Rxc1 27. Rxc1 Qg5 0-1

[Event "Lausanne WGP 2020"]
[Site "Lausanne SUI"]
[Date "2020.03.05"]
[Round "4"]
[White "Kosteniuk,A"]
[Black "Abdumalik,Z"]
[Result "0-1"]
[WhiteElo "2482"]
[BlackElo "2461"]
[EventDate "2020.03.01"]

1. e4 e5 2. Nf3 Nc6 3. Bb5 a6 4. Ba4 Nf6 5. O-O Be7 6. d3 b5 7. Bb3 d6 8.
a4 Bd7 9. c3 O-O 10. Re1 Na5 11. Bc2 c5 12. Nbd2 Qb6 13. Nf1 b4 14. Ne3
Rac8 15. h3 Rfe8 16. Nd2 Be6 17. Qe2 Bf8 18. Qf3 Qb7 19. g4 h6 20. Kh2 d5
21. Nf5 Nh7 22. Qg2 dxe4 23. Nxe4 Qd7 24. Rg1 Kh8 25. Qg3 Nb3 26. Bxb3 Bxb3
27. f4 Rcd8 28. cxb4 cxb4 29. fxe5 Qxd3 30. Qxd3 Rxd3 31. Bf4 Ng5 32. Nxg5
hxg5 33. Bg3 Rc8 34. Rg2 Bd5 35. Re2 b3 36. Rf1 Rc2 37. Rff2 Rd1 0-1

[Event "Lausanne WGP 2020"]
[Site "Lausanne SUI"]
[Date "2020.03.06"]
[Round "5"]
[White "Abdumalik,Z"]
[Black "Kashlinskaya,A"]
[Result "1/2-1/2"]
[WhiteElo "2461"]
[BlackElo "2485"]
[EventDate "2020.03.01"]

1. e4 e5 2. Nf3 Nf6 3. d4 Nxe4 4. Bd3 d5 5. Nxe5 Nd7 6. Nc3 Nxe5 7. dxe5
Bb4 8. O-O Nxc3 9. bxc3 Bxc3 10. Rb1 O-O 11. Bxh7+ Kxh7 12. Qd3+ Kg8 13.
Qxc3 a5 14. f4 d4 15. Qd3 Re8 16. Bd2 Ra6 17. Rb5 g6 18. f5 Bxf5 19. Qf3
Rc6 20. Rd5 Qe7 21. Qg3 Rxc2 22. Bg5 Qe6 23. Rxd4 Qb6 24. Be3 Rc3 25. Qg5
f6 26. Qh6 Rxe3 27. Qxe3 Rxe5 28. Rd8+ Kf7 29. Qxb6 cxb6 30. Rc1 Ke7 31.
Rd2 Be4 32. Kf2 b5 33. a3 f5 34. Rd4 Bc6 35. g3 Ke6 36. Rc2 Rd5 37. Re2+
Kd6 38. Ke3 Kc5 39. Rc2+ Kd6 40. Kd3 Ke5 41. Re2+ Kd6 42. Rxd5+ Kxd5 43.
Kc3 b4+ 44. axb4 axb4+ 45. Kxb4 Kd4 46. Re6 g5 47. h4 gxh4 48. gxh4 f4 49.
h5 f3 50. h6 Be4 51. Rxe4+ 1/2-1/2

[Event "Lausanne WGP 2020"]
[Site "Lausanne SUI"]
[Date "2020.03.06"]
[Round "5"]
[White "Harika,D"]
[Black "Goryachkina,A"]
[Result "1/2-1/2"]
[WhiteElo "2517"]
[BlackElo "2579"]
[EventDate "2020.03.01"]

1. d4 d5 2. c4 c6 3. Nf3 Nf6 4. Qc2 dxc4 5. Qxc4 Bg4 6. Nbd2 Nbd7 7. g3 e6
8. Bg2 Be7 9. O-O O-O 10. Qb3 Qb6 11. Nc4 Qa6 12. Bd2 Nb6 13. Rfc1 Nxc4 14.
Rxc4 Qb6 15. Bb4 Rfe8 16. e3 Nd5 17. Bc5 Qxb3 18. axb3 Bxc5 19. Rxc5 Bxf3
20. Bxf3 Kf8 21. Kf1 a6 22. Ke2 Rad8 23. Rd1 Nb6 24. Bg2 Rd6 25. f4 f5 26.
Bf3 Nd7 27. Rcc1 Nf6 28. Rc5 Kf7 29. h3 g6 30. g4 Rh8 31. Ra5 1/2-1/2

[Event "Lausanne WGP 2020"]
[Site "Lausanne SUI"]
[Date "2020.03.06"]
[Round "5"]
[White "Muzychuk,A"]
[Black "Dzagnidze,N"]
[Result "0-1"]
[WhiteElo "2535"]
[BlackElo "2509"]
[EventDate "2020.03.01"]

1. e4 c5 2. Nc3 Nc6 3. Nf3 e5 4. Bc4 d6 5. d3 Be7 6. O-O h6 7. Ne1 Nf6 8.
f4 exf4 9. Bxf4 O-O 10. Nf3 Na5 11. Bd5 Nxd5 12. Nxd5 Nc6 13. Qe1 Bg5 14.
Bxg5 hxg5 15. Qg3 f6 16. h4 g4 17. Nh2 Ne5 18. Ne3 Qb6 19. b3 Qb4 20. Nd5
Qd4+ 21. Kh1 Be6 22. Nf4 Bd7 23. Qe1 Qb2 24. Qd2 f5 25. Rab1 Qa3 26. Nh5
Qxa2 27. Qg5 Rf7 28. exf5 Qxc2 29. Nxg4 Nxg4 30. Qxg4 Bxf5 31. Qg5 Raf8 32.
Rbe1 Qxd3 33. Rf3 Qd4 34. Rf4 Qc3 35. Ref1 Qe5 36. R1f3 b5 37. Rg3 Qe1+ 38.
Kh2 Qe5 39. Qh6 c4 40. bxc4 bxc4 41. Nxg7 Rxg7 42. Rxg7+ Qxg7 43. Qxd6 c3
44. Qd5+ Qf7 0-1

[Event "Lausanne WGP 2020"]
[Site "Lausanne SUI"]
[Date "2020.03.06"]
[Round "5"]
[White "Muzychuk,M"]
[Black "Ju Wenjun"]
[Result "1/2-1/2"]
[WhiteElo "2551"]
[BlackElo "2583"]
[EventDate "2020.03.01"]

1. e4 c5 2. Nf3 Nc6 3. d4 cxd4 4. Nxd4 Nf6 5. Nc3 e5 6. Ndb5 d6 7. Bg5 a6
8. Na3 b5 9. Bxf6 gxf6 10. Nd5 f5 11. g3 Bg7 12. exf5 Bxf5 13. Bg2 Rc8 14.
c3 O-O 15. Nc2 Be6 16. a4 bxa4 17. Rxa4 a5 18. Nce3 f5 19. O-O Rb8 20. Nc4
Rb5 21. Qd2 Rc5 22. Rd1 e4 23. Nf4 Bf7 24. Nxd6 Bb3 25. Raa1 Qb6 26. Qe3
Bxd1 27. Rxd1 Qb3 28. Rd2 Re5 29. Bf1 Kh8 30. Bc4 Qa4 31. Nf7+ Rxf7 32.
Bxf7 Bh6 33. Rd6 Bf8 34. Rd7 Re7 35. Rxe7 Bxe7 36. Ng6+ Kg7 37. Nxe7 Nxe7
38. Bh5 Qa1+ 39. Kg2 Qxb2 40. Qc5 Qb7 41. Qxa5 Qc6 42. Qa7 Qf6 43. Be2 Kg6
44. Qc5 Nc6 45. c4 Kg7 46. Qe3 Kg6 47. h4 h6 48. Qb6 Nd4 49. Bh5+ Kg7 50.
Qb7+ Kf8 51. c5 Nc6 52. Qc8+ Kg7 53. Qd7+ Kf8 54. Qe8+ Kg7 55. Bd1 Nd4 56.
Ba4 Qe6 57. Qxe6 Nxe6 58. c6 Kf6 59. Bb3 Nc7 60. g4 f4 61. Bc2 Ke5 62. h5
Ne6 63. Bxe4 Kxe4 64. g5 Ke5 65. gxh6 Kf6 66. Kh3 Kf7 67. Kg4 Kg8 68. Kf5
Nd4+ 69. Kxf4 Nxc6 70. Kg5 Nd4 71. Kg6 Nf3 72. h7+ Kh8 73. Kh6 Nd4 74. f4
Nf5+ 75. Kg6 Ne7+ 76. Kf7 Nd5 77. f5 Kxh7 78. Ke6 Nf4+ 79. Ke7 Nxh5 80. f6
Nxf6 81. Kxf6 1/2-1/2

[Event "Lausanne WGP 2020"]
[Site "Lausanne SUI"]
[Date "2020.03.06"]
[Round "5"]
[White "Cramling,P"]
[Black "Sebag,M"]
[Result "1/2-1/2"]
[WhiteElo "2475"]
[BlackElo "2443"]
[EventDate "2020.03.01"]

1. d4 d5 2. Nf3 Nf6 3. c4 c6 4. e3 Bf5 5. Nc3 e6 6. Nh4 Bg6 7. Be2 Nbd7 8.
g3 Bd6 9. O-O dxc4 10. Nxg6 hxg6 11. Bxc4 Qe7 12. Re1 e5 13. Bf1 O-O 14.
dxe5 Bxe5 15. Bd2 Bxc3 16. Bxc3 Ne4 17. Qc2 Nxc3 18. Qxc3 Rfd8 19. Rad1 Nf6
20. Rxd8+ Rxd8 21. e4 Nh7 22. Bc4 Ng5 23. h4 Ne6 24. e5 b5 25. Bxe6 Qxe6
26. a3 Rd5 27. b4 Qd7 28. Rc1 Rd1+ 29. Rxd1 Qxd1+ 30. Kg2 Qd5+ 31. Qf3 Qc4
32. Qe3 Qd5+ 33. Kh2 a6 34. Qb6 Qf3 35. Qb8+ Kh7 36. Qa7 Kg8 37. Qb8+ Kh7
38. Qa7 Kg8 39. Qb8+ 1/2-1/2

[Event "Lausanne WGP 2020"]
[Site "Lausanne SUI"]
[Date "2020.03.07"]
[Round "6"]
[White "Kashlinskaya,A"]
[Black "Sebag,M"]
[Result "1-0"]
[WhiteElo "2485"]
[BlackElo "2443"]
[EventDate "2020.03.01"]

1. e4 c5 2. Nc3 Nc6 3. Bb5 Nd4 4. Bc4 a6 5. a4 e6 6. Nge2 Nf6 7. O-O d5 8.
exd5 exd5 9. Ba2 Nc6 10. d3 Nb4 11. Bb3 Be7 12. Bg5 O-O 13. Nf4 d4 14. Bxf6
Bxf6 15. Ne4 Be5 16. Nh5 Qh4 17. f4 Bc7 18. g3 Qh3 19. f5 h6 20. Nf4 Qxf5
21. Ne6 fxe6 22. Rxf5 Rxf5 23. Qg4 Nd5 24. Nxc5 Ne3 25. Qxd4 Nxc2 26. Bxc2
Bb6 27. b4 a5 28. Qd6 Ra6 29. Qb8 Rf8 30. Rf1 1-0

[Event "Lausanne WGP 2020"]
[Site "Lausanne SUI"]
[Date "2020.03.07"]
[Round "6"]
[White "Ju Wenjun"]
[Black "Cramling,P"]
[Result "1/2-1/2"]
[WhiteElo "2583"]
[BlackElo "2475"]
[EventDate "2020.03.01"]

1. d4 Nf6 2. c4 e6 3. g3 d5 4. Bg2 dxc4 5. Nf3 Bb4+ 6. Bd2 a5 7. Qc2 Bxd2+
8. Qxd2 c6 9. a4 b5 10. axb5 cxb5 11. Qg5 O-O 12. Qxb5 Ba6 13. Qxa5 Bb7 14.
Qxd8 Rxa1 15. Qxf8+ Kxf8 16. O-O Ra2 17. Ne5 Ba6 18. Rc1 Rxb2 19. e3 Nbd7
20. Nxd7+ Nxd7 21. Nc3 Rb3 22. Kf1 e5 23. Ke1 exd4 24. exd4 Nf6 25. h3 Ne8
26. Kd2 Nd6 27. Kc2 Nf5 28. Rd1 Bb7 29. d5 Nd6 30. Bf1 Rb4 31. Re1 Bc8 32.
g4 h5 33. gxh5 Bf5+ 34. Kd2 Rb3 35. f3 Ra3 36. h4 Ra5 37. Ke3 Bc8 38. Kd4
Ba6 39. Bh3 Bb7 40. Bd7 Ba6 41. f4 Bb7 42. Re2 Ba6 43. f5 f6 44. Be6 Bc8
45. Bxc8 Nxc8 46. Re6 Ne7 47. Ke4 Ra3 48. Ne2 c3 49. d6 Ra4+ 50. Kd3 Nxf5
51. d7 Ra8 52. Ke4 Nh6 53. Kd5 c2 54. Ra6 Rd8 55. Ke6 Nf7 56. Rc6 Ra8 57.
Rc8+ Nd8+ 58. Kf5 Ra5+ 59. Kg6 Ke7 60. Rxc2 Kxd7 61. Nf4 Ra4 62. Rf2 Ke8
63. Kxg7 Rxf4 64. Rxf4 Ne6+ 65. Kxf6 Nxf4 66. h6 Nh5+ 67. Kg6 Nf4+ 68. Kg7
Nh5+ 69. Kg8 Nf6+ 70. Kg7 Nh5+ 71. Kg6 Nf4+ 72. Kf5 Kf7 73. Kxf4 Kg6
1/2-1/2

[Event "Lausanne WGP 2020"]
[Site "Lausanne SUI"]
[Date "2020.03.07"]
[Round "6"]
[White "Dzagnidze,N"]
[Black "Muzychuk,M"]
[Result "1/2-1/2"]
[WhiteElo "2509"]
[BlackElo "2551"]
[EventDate "2020.03.01"]

1. d4 Nf6 2. Nf3 d5 3. c4 e6 4. e3 a6 5. b3 dxc4 6. Bxc4 c5 7. O-O Nc6 8.
dxc5 Qxd1 9. Rxd1 Bxc5 10. Bb2 b5 11. Be2 Bb7 12. Nbd2 Be7 13. a4 bxa4 14.
Rxa4 O-O 15. Rda1 a5 16. Nc4 Bb4 17. Nd4 Nd5 18. Bf3 Nxd4 19. Bxd4 Bc6 20.
R4a2 Rfb8 21. h3 h6 22. Nxa5 Rxa5 23. Rxa5 Bxa5 24. Rxa5 Rxb3 25. Ra6 Rb1+
26. Kh2 Rc1 27. Ra7 Rc2 28. Kg3 Nf6 29. Rc7 Be4 30. Rxc2 Bxc2 31. Kf4 g5+
32. Kg3 Ne4+ 1/2-1/2

[Event "Lausanne WGP 2020"]
[Site "Lausanne SUI"]
[Date "2020.03.07"]
[Round "6"]
[White "Goryachkina,A"]
[Black "Muzychuk,A"]
[Result "1/2-1/2"]
[WhiteElo "2579"]
[BlackElo "2535"]
[EventDate "2020.03.01"]

1. Nf3 Nf6 2. c4 g6 3. Nc3 d5 4. cxd5 Nxd5 5. h4 Nxc3 6. dxc3 Qxd1+ 7. Kxd1
h5 8. e4 Bh6 9. Bxh6 Rxh6 10. Kc2 f6 11. e5 Bf5+ 12. Bd3 Bxd3+ 13. Kxd3 Nc6
14. Rhe1 O-O-O+ 15. Kc2 Rhh8 16. exf6 exf6 17. Re6 Rhf8 18. Rae1 Kd7 19.
R6e2 Rde8 20. Nd2 Rxe2 21. Rxe2 Nd8 22. Nb3 Ne6 23. Rd2+ Kc8 24. Nd4 Re8
25. Nxe6 Rxe6 26. Kd1 c6 27. Rd3 Kc7 28. Rg3 f5 29. Kd2 c5 30. c4 Rb6 31.
Kc3 Rd6 32. a3 a5 33. Re3 Kd7 34. Re5 b6 35. b3 Re6 36. Rd5+ Kc7 37. g3 Re2
38. Rd2 Re1 39. a4 f4 40. Rd3 Re4 41. Kd2 fxg3 1/2-1/2